Elementos para el estudio de la economía de la empresa turística /

Contenido: Introducción; 1) La empresa turística; 2) Planificación de la empresa; 3) Teorías, principios y modelos de organización; 4) La dirección de la empresa; 5) El proceso de inversión como sistema inicial en el desarrollo de la empresa turística; 6) El sistema de financiación en las empresas t...

Popoln opis

Shranjeno v:
Bibliografske podrobnosti
Glavni avtor: Figuerola Palomo, Manuel (autor)
Format: Knjiga
Jezik:španščina
Izdano: Madrid, España : Síntesis, 1999, c1999
Serija:(Gestión Turística)
Teme:
Oznake: Označite
Brez oznak, prvi označite!

MARC

LEADER 00000nam^a2200000^a^4500
001 000412821
005 20250521000000.0
009 20260310122148.848
020 |a 84-7738-096-1 
037 |a Acervo ITESO - Biblioteca 
041 |a ESP 
082 |a 910. 1061  |b FIG 
100 |a Figuerola Palomo, Manuel  |e (autor) 
245 1 0 |a Elementos para el estudio de la economía de la empresa turística /  |c M. Figuerola Palomo. 
264 4 |a Madrid, España :  |b Síntesis,  |c 1999, c1999 
300 |a 367 p. 
336 |a texto  |b txt  |2 rdacontenido 
337 |a sin mediación  |b n  |2 rdamedio 
338 |a volumen  |b nc  |2 rdasoporte 
440 1 |a (Gestión Turística) 
520 |a Contenido: Introducción; 1) La empresa turística; 2) Planificación de la empresa; 3) Teorías, principios y modelos de organización; 4) La dirección de la empresa; 5) El proceso de inversión como sistema inicial en el desarrollo de la empresa turística; 6) El sistema de financiación en las empresas turísticas; 7) Actividad productora en las empresas de turismo; 8) Los costes en las empresas turísticas; 9) El equipamiento e instalaciones de las empresas turísticas; 10) El marketing en la empresa turística; 11) La dimensión de la empresa turística; 12) El diagnóstico como base de las estrategias; 13) Valoración de los resultados. Anexo. 
649 |a XX 
650 |a Emprendimiento 
650 |a Empresas -  |x Administración 
650 |a Turismo -  |x Aspectos Económicos -  |x Tema Principal 
650 |a Sector Servicios 
650 |a Ciencias Administrativas 
910 |a Fondo General 
920 |a Impresos - Libros 
930 |a Colección General 
905 |a 101 
901 |a 0500321277  |b IT1  |c ACC  |i C165628  |u 20250521 
902 |a https://opac.biblio.iteso.mx/vufind/Record/000412821